Collins v Howard de Walden Estates Ltd (Record no. 71110)

MARC details
000 -LEADER
fixed length control field 01105cam a2200205 4500
001 - CONTROL NUMBER
control field ABS65853
008 - FIXED-LENGTH DATA ELEMENTS--GENERAL INFORMATION
fixed length control field 020909n2002 000 0 eng u
035 ## - SYSTEM CONTROL NUMBER
System control number (Sirsi) u119596
245 ## - TITLE STATEMENT
Title Collins v Howard de Walden Estates Ltd
260 ## - PUBLICATION, DISTRIBUTION, ETC.
Date of publication, distribution, etc. 2002
490 ## - SERIES STATEMENT
Series statement Estates Gazette
Volume/sequential designation [2002] 34 EG 86-90(5)
520 ## - SUMMARY, ETC.
Summary, etc. CLCC 16 May 2002. Claimant (C) sought to enfranchise, under the Leasehold Reform Act 1967, two adjoining mews houses held on a long lease. By the lease's provision the tenant was obliged to use the premises as a single, private dwelling house. The defendant landlord claimed the premises were not a house within the meaning of the 1967 act s2(1). Held, C was entitled to enfranchise as the mews was reasonably called a house and the fact that there was a separate self contained flat did not change the position.
590 ## - LOCAL NOTE (RLIN)
Local note ABS
650 ## - SUBJECT ADDED ENTRY--TOPICAL TERM
Topical term or geographic name entry element COLLINS V HOWARD DE WALDEN ESTATES LTD
650 ## - SUBJECT ADDED ENTRY--TOPICAL TERM
Topical term or geographic name entry element LEASEHOLD ENFRANCHISEMENT
650 ## - SUBJECT ADDED ENTRY--TOPICAL TERM
Topical term or geographic name entry element LEASEHOLD REFORM ACT 1967 S2(1)
650 ## - SUBJECT ADDED ENTRY--TOPICAL TERM
Topical term or geographic name entry element ENTITLEMENT TO ACQUIRE
690 ## - LOCAL SUBJECT ADDED ENTRY--TOPICAL TERM (OCLC, RLIN)
Topical term or geographic name as entry element LANDLORD AND TENANT-LEASEHOLD REFORM-CASE LAW
942 ## - ADDED ENTRY ELEMENTS (KOHA)
Suppress in OPAC 0
Holdings
Withdrawn status Lost status Source of classification or shelving scheme Damaged status Not for loan Home library Current library Shelving location Date acquired Total Checkouts Full call number Barcode Date last seen Copy number Price effective from Koha item type
    Dewey Decimal Classification     London London Journal article 09/09/2002   ABS65853 119596-1001 06/08/2019 1 06/08/2019 Law report